<?xml version="1.0" encoding="UTF-8"?><?xml-stylesheet type="text/xsl" href="static/style.xsl"?><OAI-PMH xmlns="http://www.openarchives.org/OAI/2.0/" xmlns:xsi="http://www.w3.org/2001/XMLSchema-instance" xsi:schemaLocation="http://www.openarchives.org/OAI/2.0/ http://www.openarchives.org/OAI/2.0/OAI-PMH.xsd"><responseDate>2026-04-14T02:58:54Z</responseDate><request verb="GetRecord" identifier="oai:www.recercat.cat:20.500.12327/2352" metadataPrefix="marc">https://recercat.cat/oai/request</request><GetRecord><record><header><identifier>oai:recercat.cat:20.500.12327/2352</identifier><datestamp>2025-10-22T11:15:14Z</datestamp><setSpec>com_2072_4428</setSpec><setSpec>com_2072_4427</setSpec><setSpec>col_2072_487898</setSpec></header><metadata><record xmlns="http://www.loc.gov/MARC21/slim" xmlns:dcterms="http://purl.org/dc/terms/" xmlns:xsi="http://www.w3.org/2001/XMLSchema-instance" xmlns:doc="http://www.lyncode.com/xoai" xsi:schemaLocation="http://www.loc.gov/MARC21/slim http://www.loc.gov/standards/marcxml/schema/MARC21slim.xsd">
   <leader>00925njm 22002777a 4500</leader>
   <datafield ind2=" " ind1=" " tag="042">
      <subfield code="a">dc</subfield>
   </datafield>
   <datafield ind2=" " ind1=" " tag="720">
      <subfield code="a">Olmo-Cunillera, Alexandra</subfield>
      <subfield code="e">author</subfield>
   </datafield>
   <datafield ind2=" " ind1=" " tag="720">
      <subfield code="a">Pérez, Maria</subfield>
      <subfield code="e">author</subfield>
   </datafield>
   <datafield ind2=" " ind1=" " tag="720">
      <subfield code="a">Lopez-Yerena, Anallely</subfield>
      <subfield code="e">author</subfield>
   </datafield>
   <datafield ind2=" " ind1=" " tag="720">
      <subfield code="a">Abuhabib, Mohamed M.</subfield>
      <subfield code="e">author</subfield>
   </datafield>
   <datafield ind2=" " ind1=" " tag="720">
      <subfield code="a">Ninot, Antònia</subfield>
      <subfield code="e">author</subfield>
   </datafield>
   <datafield ind2=" " ind1=" " tag="720">
      <subfield code="a">Romero-Aroca, Agustí</subfield>
      <subfield code="e">author</subfield>
   </datafield>
   <datafield ind2=" " ind1=" " tag="720">
      <subfield code="a">Vallverdú-Queralt, Anna</subfield>
      <subfield code="e">author</subfield>
   </datafield>
   <datafield ind2=" " ind1=" " tag="720">
      <subfield code="a">Lamuela-Raventós, Rosa Maria</subfield>
      <subfield code="e">author</subfield>
   </datafield>
   <datafield ind2=" " ind1=" " tag="260">
      <subfield code="c">2023-07-26</subfield>
   </datafield>
   <datafield ind2=" " ind1=" " tag="520">
      <subfield code="a">‘Corbella’ is an ancient olive cultivar whose cultivation has recently been revived and hence little is known about&#xd;
its composition. This is the first work studying the metabolic profile of ‘Corbella’ olives during early maturation.&#xd;
Olives with a ripening index (RI) &lt; 1 yielded considerably less oil content (&lt;40%) but had more concentration of&#xd;
phenolic compounds (148.41–219.70 mg/kg), carotenoids (9.61–14.94 mg/kg) and squalene (521.41–624.40&#xd;
mg/kg). Contrarily, the levels of α-tocopherol were higher at the RI of 1.08 and 1.96 (64.57 and 57.75 mg/kg,&#xd;
respectively). The most abundant phenolic compound was oleuropein aglycone (>50% of the phenolic composition), suggesting a high hydrolytic activity of β-glucosidase in the fruit. The antioxidant capacity was barely&#xd;
affected, while oleic/linoleic ratio reached its highest at RI of 1.96. Therefore, olives with an RI below 2 could be&#xd;
good candidates to produce high-quality olive oils with good level of stability.</subfield>
   </datafield>
   <datafield ind1="8" ind2=" " tag="024">
      <subfield code="a">Olmo-Cunillera, Alexandra, Maria Pérez, Anallely López-Yerena, Mohamed M. Abuhabib, Antònia Ninot, Agustí Romero-Aroca, Anna Vallverdú-Queralt, and Rosa Maria Lamuela-Raventós. 2024. "Targeted Metabolic Profiling Of The Revived Ancient ‘Corbella’ Olive Cultivar During Early Maturation". Food Chemistry 430: 137024. doi:10.1016/j.foodchem.2023.137024.</subfield>
   </datafield>
   <datafield ind1="8" ind2=" " tag="024">
      <subfield code="a">0308-8146</subfield>
   </datafield>
   <datafield ind1="8" ind2=" " tag="024">
      <subfield code="a">http://hdl.handle.net/20.500.12327/2352</subfield>
   </datafield>
   <datafield ind1="8" ind2=" " tag="024">
      <subfield code="a">https://doi.org/10.1016/j.foodchem.2023.137024</subfield>
   </datafield>
   <datafield ind2="0" ind1="0" tag="245">
      <subfield code="a">Targeted metabolic profiling of the revived ancient ‘Corbella’ olive cultivar during early maturation</subfield>
   </datafield>
</record></metadata></record></GetRecord></OAI-PMH>